[Event "European Ind w 2012"]
[Site "Gaziantep TUR"]
[Date "2012.03.06"]
[Round "5"]
[White "Ivakhinova,I"]
[Black "Kovanova,B"]
[Result "1-0"]
[WhiteElo "2285"]
[BlackElo "2392"]

1.d4 Nf6 2.c4 e6 3.Nc3 Bb4 4.Nf3 b6 5.Qc2 Bb7 6.a3 Bxc3+ 7.Qxc3 O-O 8.g3 d6
9.Bg2 Nbd7 10.b4 c5 11.O-O Rc8 12.Bb2 Ne4 13.Qd3 d5 14.cxd5 Bxd5 15.dxc5 bxc5
16.Rac1 Nb6 17.Ne5 f5 18.f3 c4 19.Qd4 Nf6 20.Rc2 Rc7 21.Re1 Bb7 22.b5 Qd5
23.Rec1 Rfc8 24.Qxd5 exd5 25.Bh3 Rc5 26.Bxf5 Re8 27.Bd4 Rxb5 28.Rb2 Rxb2
29.Bxb2 Bc8 30.Bb1 Nfd7 31.Nxd7 Bxd7 32.Kf2 Na4 33.Bd4 a6 34.Bc2 Rc8 35.Rb1 Nc5
36.Rb6 Ne6 37.Be5 Rc6 38.Rxc6 Bxc6 39.Ke3 g6 40.g4 Kf7 41.h4 a5 42.Bc3 a4
43.Be5 Nc5 44.Kd4 Nb3+ 45.Kc3 Ke6 46.Bh8 Be8 47.e4 Nc5 48.Bd4 Nd3 49.exd5+ Kxd5
50.Be3 Bd7 51.h5 gxh5 52.gxh5 Be8 53.h6 Bb5 54.Bd4 Be8 55.Bf6 Bd7 56.Kd2 Ke6
57.Bg7 Kf5 58.Ke3 Bb5 59.Bb1 Ba6 60.Ba2 Nc1 61.Bb1+ Nd3 62.Bf8 Ke5 63.Be7 Kf5
64.Bd6 Kg5 65.Bf8 Kf5 66.Bc2 Bb5 67.Bd1 Nf4 68.Bd6 Nd3 69.f4 Kg6 70.Bf8 Kf5
71.Bf3 Nxf4 72.Be4+ Kg5 73.Bxh7 Ng6 74.Bg7 Ne5 75.Bxe5 Kxh6 76.Bf5 Be8 77.Kd4 Kg5
78.Be6 Kg6 79.Kc5 Kg5 80.Kxc4 Kg6 81.Kb4 Kg5 82.Ka5 Kg6 83.Bd4 Kg5 84.Be5 Kg6
85.Bg4 Kg5 86.Bd1 Kf5 87.Bxa4  1-0

[Event "Reykjavik Open"]
[Site "Reykjavik ISL"]
[Date "2012.03.06"]
[Round "1.4"]
[White "Cheparinov,I"]
[Black "Bjarnason,S"]
[Result "1-0"]
[WhiteElo "2664"]
[BlackElo "2092"]

1.d4 Nf6 2.c4 e6 3.Nf3 Bb4+ 4.Nc3 b6 5.Qc2 Bb7 6.a3 Bxc3+ 7.Qxc3 Ne4 8.Qd3 d5
9.e3 Nd7 10.b3 O-O 11.Be2 c5 12.O-O Rc8 13.Bb2 Qe7 14.Rfd1 Rfd8 15.Rac1 Nf8
16.Ne5 f6 17.Nf3 Ng6 18.Qb1 Kh8 19.Bf1 a6 20.cxd5 exd5 21.Qa1 Re8 22.Re1 Qd6
23.Rc2 Rc7 24.Rec1 Rec8 25.a4 Qe6 26.a5 bxa5 27.Qxa5 Qe8 28.dxc5 Ne5 29.Nxe5 fxe5
30.c6 Bxc6 31.Bxa6  1-0

[Event "29th Ciocaltea Mem"]
[Site "Bucharest ROU"]
[Date "2012.03.07"]
[Round "6"]
[White "Anton,T"]
[Black "Benkovic,P"]
[Result "1-0"]
[WhiteElo "2403"]
[BlackElo "2417"]

1.d4 Nf6 2.c4 e6 3.Nc3 Bb4 4.Nf3 O-O 5.g3 c5 6.Bg2 Ne4 7.Qd3 cxd4 8.Nxd4 Nxc3
9.bxc3 Be7 10.O-O d6 11.Rb1 Nd7 12.Rd1 Ne5 13.Qc2 Nxc4 14.Bxb7 Bxb7 15.Rxb7 Na5
16.Rb5 a6 17.Rb1 Qc7 18.Qa4 Rfc8 19.e4 Bf6 20.Ne2 Nc4 21.Bf4 h6 22.Kg2 a5
23.Rb3 g5 24.Bc1 Ra6 25.h4 Qa7 26.hxg5 hxg5 27.Rb5 Qa8 28.Qc2 Ne5 29.Be3 Qc6
30.a4 Kg7 31.Bd4 Raa8 32.Rb6 Qc7 33.Qd2 Rab8 34.Rdb1 Rxb6 35.Rxb6 Kf8 36.Rb5 Qc6
37.Qe3 Nd7 38.Qf3 Ke7 39.Rxa5 Ra8 40.Bxf6+ Nxf6 41.Nd4 Qb7 42.Rxa8 Qxa8 43.e5 Qxf3+
44.Nxf3 Ne4 45.a5 Nxc3 46.exd6+ Kxd6 47.Nxg5 f6 48.a6 Nb5 49.Ne4+ Ke5 50.Nc3 Na7
51.Kf3 Kd4 52.Ne4 Ke5 53.Ke3 Nc6 54.g4 f5 55.f4+ Kd5 56.g5 e5 57.Nc3+ Ke6
58.Nb5 Ne7 59.Nc7+ Kd6 60.a7 exf4+ 61.Kxf4 Kxc7 62.a8=Q  1-0

[Event "Reykjavik Open"]
[Site "Reykjavik ISL"]
[Date "2012.03.08"]
[Round "3.3"]
[White "Bartholomew,J"]
[Black "Kryvoruchko,Y"]
[Result "1/2-1/2"]
[WhiteElo "2440"]
[BlackElo "2666"]

1.d4 Nf6 2.c4 e6 3.Nc3 Bb4 4.Nf3 b6 5.e3 Bb7 6.Bd3 O-O 7.O-O c5 8.Bd2 d6
9.a3 Bxc3 10.Bxc3 Nbd7 11.b4 Rc8 12.Rc1 Qe7 13.Nd2 Rfd8 14.Re1 d5 15.bxc5 bxc5
16.Ba5 Re8 17.cxd5 Nxd5 18.Qb3 Rb8 19.dxc5 Ba6 20.Qc2 Bxd3 21.Qxd3 Nxc5 22.Qc4 Nb7
23.Bb4 Nxb4 24.Qxb4 Qxb4 25.axb4 Nd6 26.Rc6 Red8 27.Ra1 h6 28.Rxa7 Ne4 29.Nf1 Rd1
30.Rac7 Rxb4 31.Rc1 Rxc1 32.Rxc1 Rb2 33.f3 Nd6 34.Rd1 Nc4 35.Rc1 Ne5 36.Rd1 g5
37.Rd2 Rb1 38.Kf2 Nc4 39.Ra2 Kg7 40.Nd2 Nxd2  1/2-1/2

[Event "Zagreb Open A"]
[Site "Zagreb CRO"]
[Date "2012.03.09"]
[Round "5.8"]
[White "Arnaudov,G"]
[Black "Saric,A"]
[Result "1/2-1/2"]
[WhiteElo "2476"]
[BlackElo "2523"]

1.d4 Nf6 2.c4 e6 3.Nc3 Bb4 4.Nf3 c5 5.g3 d5 6.cxd5 Nxd5 7.Bd2 Nc6 8.Nxd5 Bxd2+
9.Qxd2 Qxd5 10.dxc5 Qxc5 11.Bg2 O-O 12.Rc1 Qb6 13.O-O e5 14.Ng5 h6 15.Bxc6 bxc6
16.Nf3 e4 17.Ne5 Be6 18.b3 Rfd8 19.Qc3 Qd4 20.Qxd4 Rxd4 21.Rc2 c5 22.Rfc1 a5
23.f4 exf3 24.Nxf3 Re4 25.Rxc5 a4 26.Kf2 axb3 27.axb3 Ra2 28.R1c2 Rxc2  1/2-1/2

[Event "50th TCh-DEN XtraCon 2011-12"]
[Site "Denmark DEN"]
[Date "2012.03.10"]
[Round "8.2"]
[White "Sahl,Bj"]
[Black "Carstensen,J"]
[Result "1-0"]
[WhiteElo "2343"]
[BlackElo "2372"]

1.d4 Nf6 2.c4 e6 3.Nc3 Bb4 4.Nf3 b6 5.e3 Bb7 6.Bd3 Ne4 7.Qc2 f5 8.Nd2 Bxc3
9.bxc3 Qh4 10.g3 Qh3 11.Bf1 Qh5 12.Bg2 O-O 13.Nxe4 Bxe4 14.Bxe4 fxe4 15.Qxe4 Nc6
16.O-O Qe2 17.d5 exd5 18.cxd5 Rae8 19.Qg2 Na5 20.f3 Qd3 21.e4 Nc4 22.Bg5 Qxc3
23.Rac1 Qd4+ 24.Kh1 b5 25.Rfd1 Qb6 26.Rd3 a5 27.Qe2 c6 28.dxc6 dxc6 29.Be3 Qb7
30.Bc5 Rf5 31.exf5 Rxe2 32.Rd8+ Kf7 33.Rf8+  1-0

[Event "European Ind w 2012"]
[Site "Gaziantep TUR"]
[Date "2012.03.10"]
[Round "8"]
[White "Zhukova,N"]
[Black "Dzagnidze,N"]
[Result "1/2-1/2"]
[WhiteElo "2435"]
[BlackElo "2559"]

1.d4 Nf6 2.c4 e6 3.Nc3 Bb4 4.Nf3 c5 5.g3 Ne4 6.Qc2 f5 7.Bg2 Qa5 8.Bd2 Nc6
9.O-O Nxd2 10.Qxd2 cxd4 11.Nxd4 Bxc3 12.Qxc3 Qxc3 13.bxc3 Rb8 14.c5 Ke7 15.Rab1 Nxd4
16.cxd4 b6 17.cxb6 axb6 18.Rb2 Ba6 19.Rfb1 Rhc8 20.Bf3 Rc4 21.Rxb6 Rxb6 22.Rxb6 Ra4
23.h4 Rxa2 24.e3 Ra1+ 25.Kh2 Ra2 26.Kg1 Ra1+ 27.Kh2 Ra2 28.Kg1 Ra1+ 29.Kh2  1/2-1/2

[Event "Zagreb Open A"]
[Site "Zagreb CRO"]
[Date "2012.03.10"]
[Round "7.6"]
[White "Sulava,N"]
[Black "Kuljasevic,D"]
[Result "1-0"]
[WhiteElo "2497"]
[BlackElo "2580"]

1.Nf3 Nf6 2.c4 e6 3.d4 Bb4+ 4.Nc3 c5 5.g3 Nc6 6.Bg2 Ne4 7.Bd2 Nxd2 8.Qxd2 cxd4
9.Nxd4 Qb6 10.Nc2 Be7 11.O-O O-O 12.Kh1 a6 13.f4 Qc7 14.Rad1 Rd8 15.f5 Ne5
16.Qf4 f6 17.Ne3 Qa5 18.Qh4 Rb8 19.Be4 h6 20.Ng4 Nxg4 21.Qxg4 b5 22.Qg6 Bb7
23.Rf4 b4 24.Rg4 Bf8 25.Bxb7 bxc3 26.Be4 cxb2 27.Qxf6 Qa4 28.Rb1 Qxc4 29.Qg6 d5
30.Bd3 Qc1+ 31.Kg2 exf5 32.Qe6+ Kh8 33.Qxf5 Kg8 34.Rf4  1-0

[Event "European Ind w 2012"]
[Site "Gaziantep TUR"]
[Date "2012.03.12"]
[Round "10"]
[White "Zhukova,N"]
[Black "Kursova,M"]
[Result "1/2-1/2"]
[WhiteElo "2435"]
[BlackElo "2328"]

1.d4 Nf6 2.c4 e6 3.Nc3 Bb4 4.Nf3 b6 5.e3 Bb7 6.Bd3 O-O 7.O-O c5 8.Na4 cxd4
9.a3 Be7 10.exd4 d6 11.Re1 Nbd7 12.b4 Re8 13.Nc3 Rc8 14.Bb2 Bf8 15.d5 e5
16.Rc1 g6 17.Bf1 a6 18.Rc2 Bg7 19.Nd2 Rf8 20.Nb3 Ne8 21.Ne2 Rc7 22.a4 Qc8
23.Nc3 f5 24.a5 Rxc4 25.Bxc4 Qxc4 26.Nd2 Qxb4 27.Qa1 b5 28.Qa2 Rf7 29.Rb1 Nc5
30.Bc1 Qh4 31.Nf3 Qd8 32.Ng5 Rc7 33.Be3 Qc8 34.Ne2 h6 35.Nf3 Nf6 36.Rd1 Nfd7
37.Rcc1 Kh7 38.h4 Ne4 39.h5 g5 40.Rxc7 Qxc7 41.Ng3 Nxg3 42.fxg3 Qc4 43.Qa3 b4
44.Qa4 Nf6 45.Rc1 Qe4 46.Bxg5 Nxh5 47.Rc7 Bxd5 48.Qd7 Qb1+ 49.Kh2 Bxf3 50.Bf6 f4
51.Qxg7+ Nxg7 52.Rxg7+ Kh8 53.Rg6+  1/2-1/2

[Event "European Ind w 2012"]
[Site "Gaziantep TUR"]
[Date "2012.03.12"]
[Round "10"]
[White "Vojinovic,J"]
[Black "Pogonina,N"]
[Result "0-1"]
[WhiteElo "2356"]
[BlackElo "2449"]

1.d4 Nf6 2.c4 e6 3.Nc3 Bb4 4.Nf3 b6 5.Bg5 Bb7 6.Nd2 h6 7.Bh4 Bxc3 8.bxc3 d6
9.f3 Nbd7 10.e4 g5 11.Bf2 Qe7 12.Bd3 h5 13.Qe2 h4 14.Rb1 Nh5 15.g3 Rh6 16.Rg1 hxg3
17.hxg3 Ng7 18.Nb3 Bc6 19.c5 dxc5 20.e5 f6 21.Be4 Bxe4 22.Qxe4 Rd8 23.exf6 Nxf6
24.Qc6+ Kf7 25.dxc5 Nf5 26.cxb6 cxb6 27.Nd2 Rh2 28.Ne4 Kg6 29.Rb4 Nd5 30.Rb2 Rd7
31.Qa4 Rc7 32.c4 Nde3 33.Nd2 g4 34.Qb3 Qc5 35.Nf1 Qa5+ 36.Nd2 Qe5 37.Ne4 Nd4
38.Qxe3 Nxf3+ 39.Kf1 Qxb2 40.Qf4 Qb1+ 41.Ke2 Nxg1+  0-1

[Event "Zagreb Open A"]
[Site "Zagreb CRO"]
[Date "2012.03.12"]
[Round "9.10"]
[White "Arnaudov,G"]
[Black "Tratar,M"]
[Result "1/2-1/2"]
[WhiteElo "2476"]
[BlackElo "2499"]

1.Nf3 Nf6 2.c4 e6 3.Nc3 Bb4 4.d4 d6 5.Qc2 Nbd7 6.a3 Bxc3+ 7.Qxc3 O-O 8.g3 b6
9.Bh3 Bb7 10.O-O Qe7 11.b4 Ne4 12.Qe3 d5 13.cxd5 Bxd5 14.Bb2 b5 15.Rac1 Nb6
16.Ne5 Nd6 17.f3 Ndc4 18.Nxc4 Nxc4 19.Qc3 Nxb2 20.Qxb2 a5 21.Rc5 axb4 22.Qxb4 c6
23.e4 Ra4 24.Qb2 Bc4 25.Ra1 Qd7 26.Bf1 Bxf1 27.Rxf1 Rxd4 28.Rxc6 Rd2 29.Qc3 Rd3
30.Qc5 h6 31.Rf2 Qd4  1/2-1/2

[Event "ch-Moscow Final 2012"]
[Site "Moscow RUS"]
[Date "2012.03.13"]
[Round "4"]
[White "Kachar,V"]
[Black "Ageichenko,G"]
[Result "1-0"]
[WhiteElo "2326"]
[BlackElo "2347"]

1.d4 Nf6 2.c4 e6 3.Nc3 Bb4 4.Nf3 b6 5.Bg5 Bb7 6.Nd2 h6 7.Bh4 c5 8.d5 d6 9.e4 Bxc3
10.bxc3 e5 11.f3 Nbd7 12.Bf2 Qe7 13.Bd3 O-O-O 14.Rb1 Nh5 15.g3 g6 16.O-O Ng7
17.a4 a5 18.Rb2 Kc7 19.Nb1 Rb8 20.Na3 Ba6 21.Qc2 Qg5 22.h4 Qe7 23.Kg2 Qf8
24.Be3 Qe7 25.Qd2 h5 26.Kh2 Ne8 27.Rfb1 Nef6 28.Bf1 Nh7 29.Bh3 f6 30.Rb3 Nhf8
31.Nb5+ Bxb5 32.Rxb5 Rh7 33.R5b2 Rf7 34.Qc2 Rb7 35.Qb3 Nb8 36.Qb5 Kd8 37.Rd2 Qe8
38.Qb3 f5 39.Bg5+ Kc7 40.exf5 Rxf5 41.Bxf5 gxf5 42.Qc2 Qf7 43.g4 hxg4 44.fxg4 fxg4
45.Rf2 Qg8 46.Rbf1 Nbd7 47.Rf7 Rb8 48.Qf5 Re8 49.Bh6 g3+ 50.Kg2  1-0

[Event "Reykjavik Open"]
[Site "Reykjavik ISL"]
[Date "2012.03.13"]
[Round "9.11"]
[White "Bartholomew,J"]
[Black "L'Ami,E"]
[Result "0-1"]
[WhiteElo "2440"]
[BlackElo "2611"]

1.d4 Nf6 2.c4 e6 3.Nc3 Bb4 4.Nf3 b6 5.e3 Ne4 6.Qc2 Bb7 7.Bd3 f5 8.O-O Bxc3
9.bxc3 O-O 10.Nd2 Qh4 11.f3 Nxd2 12.Bxd2 d6 13.Rae1 Nd7 14.e4 f4 15.e5 dxe5
16.Be4 Bxe4 17.Rxe4 Rae8 18.c5 Qd8 19.Rfe1 exd4 20.c6 d3 21.Qxd3 Nc5 22.Qxd8 Rxd8
23.Rd4 Rd6 24.Re2 Rf7 25.Kf1 h6 26.Bxf4 Rxf4 27.Rxf4 Rd1+ 28.Kf2 Nd3+ 29.Ke3 Nxf4
30.Kxf4 Rd6 31.Re4 Rxc6 32.c4 Kf7 33.h4 Rc5 34.Ke3 Ra5 35.Rd4 Ke7 36.Rd2 Ra3+
37.Ke4 Rc3 38.Kd4 Rc1 39.h5 Kf6 40.g4 c6 41.Kd3 e5 42.Re2 Rf1 43.Ke3 Rd1
44.Rc2 Ke6 45.Rc3 Rd7 46.Ra3 c5 47.Ke4 Rf7 48.Ke3 Rd7 49.Ke4 Rb7 50.Rd3 Rf7
51.Ra3 Rd7 52.Ke3 Kf6 53.Ra6 Rd4 54.Rxa7 Rxc4 55.a4 Rc3+ 56.Ke4 Rb3 57.Rc7 Rb4+
58.Ke3 c4 59.Rc6+ Kf7 60.Rc7+ Kf8 61.Rc8+ Ke7 62.Rc6 Ke8 63.Rc8+ Kd7 64.Rg8 Rxa4
65.Rxg7+ Kd6 66.Rg6+ Kc5 67.Rxh6 Ra3+ 68.Ke2 Ra2+ 69.Kd1 b5 70.Re6 b4 71.h6 Kd4
72.g5 Rh2 73.Rb6 b3 74.Rb8 Kd3 75.Ke1 Kc2 76.Kf1 b2 77.Kg1 Rh5  0-1

[Event "ch-Moscow Final 2012"]
[Site "Moscow RUS"]
[Date "2012.03.14"]
[Round "5"]
[White "Kachar,V"]
[Black "Tilicheev,V"]
[Result "0-1"]
[WhiteElo "2326"]
[BlackElo "2366"]

1.d4 Nf6 2.c4 e6 3.Nc3 Bb4 4.Nf3 O-O 5.Bg5 c5 6.Rc1 h6 7.Bxf6 Qxf6 8.a3 cxd4
9.axb4 dxc3 10.bxc3 a5 11.Qa4 d6 12.e3 Bd7 13.Qa3 Nc6 14.b5 Ne5 15.Be2 d5
16.Rd1 Rfc8 17.Nxe5 Qxe5 18.Rd4 Qc7 19.O-O e5 20.Rxd5 Be6 21.Rd6 Bxc4 22.b6 Qe7
23.Bxc4 Rxc4 24.Rfd1 Rc6 25.c4 Rxc4 26.Qd3 Rd4 27.Rxd4 exd4 28.Qxd4 a4 29.e4 a3
30.f4 a2 31.e5 Qa3 32.Ra1 Ra4 33.Qd2 Qb3  0-1

[Event "European Ind w Rapid 2012"]
[Site "Gaziantep TUR"]
[Date "2012.03.15"]
[Round "10"]
[White "Zhukova,N"]
[Black "Pogonina,N"]
[Result "1/2-1/2"]
[WhiteElo "2435"]
[BlackElo "2449"]

1.d4 Nf6 2.c4 e6 3.Nc3 Bb4 4.Nf3 b6 5.e3 Bb7 6.Bd3 O-O 7.O-O d5 8.cxd5 exd5
9.Ne5 Nbd7 10.f4 Nxe5 11.fxe5 Ne4 12.Nxe4 dxe4 13.Bc4 b5 14.Bxf7+ Rxf7 15.Rxf7 Kxf7
16.Qb3+ Qd5 17.Qxb4 a5 18.Qe1 c5 19.Bd2 cxd4 20.Qf2+ Kg8 21.exd4 b4 22.a3 b3
23.Rc1 Rc8 24.Rxc8+ Bxc8 25.Qe3 Bb7 26.h3 a4 27.Bb4 h6 28.Kh2 Qf7 29.Bd2 Bd5
30.Qc3 Kh7 31.Qa5 Qd7 32.Be3 Bc6 33.Qc5 Bd5 34.Qd6 Qf7 35.Qd8 Qe6 36.Qf8 Qd7
37.Qf4 Qe6 38.g4 Qc6 39.Kg3 Kg8 40.h4 Qc2 41.Qf5 Qe2 42.Qc8+ Kh7 43.Qf5+ Kg8
44.Qc8+ Kh7 45.Qf5+ Kg8  1/2-1/2

[Event "TCh-BEL 2011-12"]
[Site "Belgium BEL"]
[Date "2012.03.18"]
[Round "10.7"]
[White "Goossens,E"]
[Black "Van Heirzeele,D"]
[Result "1/2-1/2"]
[WhiteElo "2219"]
[BlackElo "2161"]

1.d4 Nf6 2.c4 e6 3.Nc3 Bb4 4.Nf3 b6 5.Bg5 h6 6.Bh4 g5 7.Bg3 Ne4 8.Qc2 Bb7
9.e3 Bxc3+ 10.bxc3 d6 11.Bd3 f5 12.d5 Na6 13.Bxe4 fxe4 14.Nd2 Nc5 15.Nxe4 Nxe4
16.Qxe4 Qf6  1/2-1/2

[Event "13th EICC"]
[Site "Plovdiv BUL"]
[Date "2012.03.20"]
[Round "1.8"]
[White "Jobava,Ba"]
[Black "Paichadze,L"]
[Result "1/2-1/2"]
[WhiteElo "2706"]
[BlackElo "2491"]

1.Nf3 Nf6 2.c4 e6 3.d4 Bb4+ 4.Nc3 b6 5.Bg5 Bb7 6.Nd2 O-O 7.e4 Be7 8.Be3 d6
9.g4 Nfd7 10.d5 c6 11.Bg2 Bg5 12.f4 Bh4+ 13.Kf1 exd5 14.exd5 Re8 15.Nde4 Nf6
16.Nxf6+ Bxf6 17.Qd2 Bxc3 18.Qxc3 Qc8 19.Bd4 Qxg4 20.Bf3 Qh3+ 21.Kf2 Qh4+
22.Kg2 cxd5 23.Rhg1 f6 24.Kh1 Nd7 25.Rg4 Qh3 26.Rag1 Re7 27.Qa3 Kh8 28.cxd5 Nc5
29.Rxg7 Rxg7 30.Bxf6 Rg8 31.Qc3 Ne6 32.Rg2 Bxd5 33.Bxd5 Qxc3 34.Bxc3 Nxf4
35.Bxg8 Nxg2 36.Bxh7 Ne3 37.Bd3 Nd1 38.Bd4 Kg8 39.Bc4+ Kf8 40.Bxg7+ Kxg7
41.b4 a5  1/2-1/2

[Event "13th EICC"]
[Site "Plovdiv BUL"]
[Date "2012.03.20"]
[Round "1.155"]
[White "Balokas,D2"]
[Black "Stefansson,H"]
[Result "0-1"]
[WhiteElo "2080"]
[BlackElo "2531"]

1.d4 Nf6 2.c4 e6 3.Nc3 Bb4 4.Nf3 b6 5.Qc2 Bb7 6.a3 Bxc3+ 7.Qxc3 Ne4 8.Qc2 f5
9.g3 Nf6 10.Bh3 O-O 11.O-O Qe8 12.d5 Qh5 13.Bg2 exd5 14.Nd4 Nc6 15.Nxf5 dxc4
16.Qxc4+ Kh8 17.Ne3 Rae8 18.b4 Ne5 19.Qc2 Neg4 20.Nxg4 Nxg4 21.h3 Nxf2 22.Rxf2 Rxf2
23.Kxf2 Bxg2 24.Bf4 Qxh3 25.Qxc7 Bc6  0-1

[Event "13th EICC"]
[Site "Plovdiv BUL"]
[Date "2012.03.21"]
[Round "2.153"]
[White "Nedilko,V"]
[Black "Rigopoulos Tsigkos,A"]
[Result "1-0"]
[WhiteElo "2392"]
[BlackElo "2095"]

1.d4 Nf6 2.c4 e6 3.Nc3 Bb4 4.Nf3 b6 5.Bg5 Bb7 6.Nd2 h6 7.Bh4 c5 8.d5 Bxc3
9.bxc3 exd5 10.cxd5 g5 11.Bg3 Bxd5 12.Bd6 Ne4 13.Nxe4 Bxe4 14.f3 Bb7 15.e4 Qf6
16.Qd2 Nc6 17.O-O-O Qe6 18.Bg3 O-O-O 19.h4 Rhg8 20.Qd6 Qxd6 21.Rxd6 g4 22.Bf4 gxf3
23.gxf3 Na5 24.Bh3 Rg6 25.Rhd1 Bc6 26.Bxh6 Nc4 27.Rxg6 fxg6 28.Rg1 Ne5 29.Rg3 c4
30.Kd2 Kb7 31.Bg7 Nd3 32.Ke3 d5 33.Rxg6 Re8 34.Re6 Rg8 35.Re7+ Ka6 36.h5 dxe4
37.fxe4 Bxe4 38.Be6 Rd8 39.Kxe4  1-0

[Event "13th EICC"]
[Site "Plovdiv BUL"]
[Date "2012.03.22"]
[Round "3.52"]
[White "Mamedov,Rau"]
[Black "Goganov,A"]
[Result "1-0"]
[WhiteElo "2624"]
[BlackElo "2517"]

1.c4 e6 2.d4 Nf6 3.Nc3 Bb4 4.Nf3 c5 5.dxc5 Na6 6.Bd2 Nxc5 7.e3 O-O 8.Be2 a5
9.O-O b6 10.a3 Bxc3 11.Bxc3 Nfe4 12.Be1 a4 13.Nd4 Ba6 14.f3 Nd6 15.Rc1 e5
16.Nb5 Nf5 17.Bf2 Bxb5 18.cxb5 Nb3 19.Rc3 d5 20.e4 Nfd4 21.exd5 Nxe2+ 22.Qxe2 Qxd5
23.Bxb6 Rab8 24.Rd1 Nd4 25.Bxd4 exd4 26.Qc4 Qf5 27.Qc5 Qe6 28.Rcd3 g6 29.Rxd4 Qe3+
30.Kh1 Rfe8 31.h3 Qb3 32.Qb4 Rxb5 33.Qxb3 Rxb3 34.Rd8 Rxd8 35.Rxd8+ Kg7 36.Rd4 Rxb2
37.Rxa4 Ra2 38.h4 h5 39.Ra6 f6 40.Ra7+ Kh6 41.Ra6 Kg7 42.Ra7+ Kh6 43.f4 Rf2
44.Ra4 Ra2 45.Kg1 Kg7 46.Ra7+ Kh6 47.a4 Ra1+ 48.Kf2 Ra2+ 49.Kg3 Ra3+ 50.Kh2 Ra2
51.Ra8 Kg7 52.a5 Kf7 53.Ra6 Ra3 54.Kg1 Ra4 55.g3 Ra2 56.Kf1 Kg7 57.Ra7+ Kh6
58.Ke1 Ra3 59.a6 Rxg3 60.Rf7 Ra3 61.a7 Ra2 62.Kf1 Ra4 63.Ke2 Ra3 64.Kf2 Ra2+
65.Ke3 Ra4 66.Kd3 g5 67.Rxf6+ Kg7 68.fxg5 Rxa7 69.Rh6 Ra3+ 70.Kc2 Ra2+ 71.Kb3 Rh2
72.Rxh5  1-0

[Event "13th EICC"]
[Site "Plovdiv BUL"]
[Date "2012.03.22"]
[Round "3.131"]
[White "Ben Artzi,I"]
[Black "Arnaudov,G"]
[Result "0-1"]
[WhiteElo "2271"]
[BlackElo "2476"]

1.d4 Nf6 2.c4 e6 3.Nc3 Bb4 4.Nf3 c5 5.e3 O-O 6.Bd3 b6 7.O-O Bb7 8.Na4 Qe7
9.a3 Ba5 10.Rb1 Rc8 11.Qe2 Bc6 12.Nc3 Bxc3 13.bxc3 Be4 14.Nd2 Bxd3 15.Qxd3 d5
16.cxd5 exd5 17.a4 c4 18.Qc2 Nbd7 19.Re1 Rc6 20.a5 Re8 21.Qa4 Re6 22.Ba3 Qd8
23.axb6 axb6 24.Qb5 Qa8 25.Ra1 Qb7 26.Bb4 Nh5 27.Nxc4 dxc4 28.Qxh5 Nf6 29.Qb5 Nd5
30.Ra5 Nc7 31.Qxc4 bxa5 32.Bxa5 Nd5  0-1

[Event "13th EICC"]
[Site "Plovdiv BUL"]
[Date "2012.03.22"]
[Round "3.50"]
[White "Alonso Rosell,A"]
[Black "Hracek,Z"]
[Result "0-1"]
[WhiteElo "2513"]
[BlackElo "2627"]

1.d4 Nf6 2.c4 e6 3.Nc3 Bb4 4.Nf3 d6 5.Qc2 O-O 6.Bd2 b6 7.e4 Bb7 8.Bd3 Nbd7
9.O-O e5 10.d5 a5 11.b3 Nc5 12.a3 Bxc3 13.Bxc3 Nh5 14.Be2 Nf4 15.b4 Na4 16.Rfe1 Nxc3
17.Qxc3 f5 18.Bf1 fxe4 19.Nd2 axb4 20.axb4 b5 21.Nxe4 bxc4 22.Bxc4 Rxa1 23.Rxa1 Kh8
24.Qd2 c6 25.dxc6 Bxc6 26.Bd3 Qb6 27.Bc2 d5 28.Nc5 d4 29.Be4 Bxe4 30.Nxe4 h6
31.f3 Rb8 32.g3 Nd5 33.Ra5 Ne3 34.Rc5 Qa6 35.Rc1 Qa4 36.Nd6 Qb3 37.b5 Qd5
38.Ne4 Qxb5 39.Qa2 Rf8 40.Nd6 Qd7 41.Ne4 Qf5 42.Nd2 Qd3 43.Ne4 Nd1  0-1

[Event "13th EICC"]
[Site "Plovdiv BUL"]
[Date "2012.03.23"]
[Round "4.168"]
[White "Balokas,D2"]
[Black "Katsarov,Hristo"]
[Result "1-0"]
[WhiteElo "2080"]
[BlackElo "1495"]

1.d4 Nf6 2.c4 e6 3.Nc3 Bb4 4.Nf3 c5 5.g3 Nc6 6.Bg2 d5 7.cxd5 Nxd5 8.Bd2 Nxd4
9.Nxd4 cxd4 10.Nxd5 Bxd2+ 11.Qxd2 exd5 12.Qxd4 O-O 13.O-O Be6 14.Rfd1 Re8
15.e3 Qe7 16.Rd2 Red8 17.Rad1 b6 18.h3 Rac8 19.e4 Rc4 20.Qxc4  1-0

[Event "13th EICC"]
[Site "Plovdiv BUL"]
[Date "2012.03.24"]
[Round "5.8"]
[White "Korobov,A"]
[Black "Sjugirov,S"]
[Result "1/2-1/2"]
[WhiteElo "2679"]
[BlackElo "2610"]

1.d4 Nf6 2.c4 e6 3.Nf3 Bb4+ 4.Nc3 b6 5.Bg5 h6 6.Bh4 g5 7.Bg3 Ne4 8.Qc2 Bb7
9.e3 Bxc3+ 10.bxc3 d6 11.Bd3 f5 12.d5 Na6 13.Bxe4 fxe4 14.Qxe4 Qf6 15.Qxe6+ Qxe6
16.dxe6 Bxf3 17.gxf3 Nc5 18.h4 Ke7 19.Rd1 Nxe6 20.e4 Rhf8 21.Ke2 Rf7 22.Rd3 Raf8
23.Re3 Kd7 24.hxg5 hxg5 25.Rh6 Rf6 26.Rh1 R6f7 27.Rh6 Rf6 28.Rh1 R6f7 29.Rh6  1/2-1/2

[Event "13th EICC"]
[Site "Plovdiv BUL"]
[Date "2012.03.24"]
[Round "5.157"]
[White "Balokas,D2"]
[Black "Nikolova,A"]
[Result "0-1"]
[WhiteElo "2080"]
[BlackElo "2293"]

1.d4 Nf6 2.c4 e6 3.Nc3 Bb4 4.Nf3 b6 5.Qc2 Bb7 6.a3 Bxc3+ 7.Qxc3 d6 8.g3 Nbd7
9.Bh3 c5 10.O-O Rc8 11.Be3 O-O 12.Rfd1 Qe7 13.Rac1 Rfd8 14.Bg5 h6 15.Bxf6 Nxf6
16.Qe3 Bxf3 17.Qxf3 cxd4 18.Rxd4 d5 19.Qe3 Qc7 20.Qd3 Nd7 21.f4 Nc5 22.Qe3 Nb7
23.f5 e5 24.Rg4 Qc5 25.Qxc5 Rxc5 26.b4 Rc7 27.Bg2 e4 28.h4 Kf8 29.Rf4 f6
30.Rff1 Rxc4 31.Rxc4 dxc4 32.Bxe4 Nd6 33.Bd5 Re8 34.Be6 b5 35.Rd1 Ke7 36.Rd5 Rb8
37.Rc5 Kd8 38.Rd5 Ke7 39.e4 Rd8 40.e5 Nb7 41.exf6+ Kxf6 42.Rxb5 c3  0-1

[Event "13th EICC"]
[Site "Plovdiv BUL"]
[Date "2012.03.25"]
[Round "6.58"]
[White "Edouard,R"]
[Black "Huschenbeth,N"]
[Result "1-0"]
[WhiteElo "2607"]
[BlackElo "2509"]

1.Nf3 Nf6 2.c4 e6 3.d4 Bb4+ 4.Nc3 b6 5.e3 Ne4 6.Qc2 Bb7 7.Be2 O-O 8.O-O f5
9.Bd2 Nxd2 10.Nxd2 Be7 11.Bf3 d5 12.g3 c6 13.b4 Nd7 14.b5 Nf6 15.a4 Ne4 16.bxc6 Bxc6
17.cxd5 Nxd2 18.Qxd2 exd5 19.Qa2 Kh8 20.Bxd5 Bxd5 21.Qxd5 Rc8 22.Qxd8 Rfxd8
23.Rfc1 Kg8 24.Kf1 Kf7 25.Ke2 a6 26.Kd3 Ke6 27.Rab1 Rc6 28.Na2 Rxc1 29.Nxc1 Rb8
30.Nb3 b5 31.axb5 axb5 32.Ra1 Rc8 33.f3 b4 34.Rc1 Ra8 35.Rc2 g6 36.Kc4 Kd7
37.e4 fxe4 38.fxe4 Rc8+ 39.Kd3 Ra8 40.e5 Ke6 41.Ke4 Ra3 42.Nc5+ Kf7 43.Nd3 Ra7
44.Rb2 Rb7 45.Rb3 Rc7 46.Nxb4  1-0

[Event "13th EICC"]
[Site "Plovdiv BUL"]
[Date "2012.03.25"]
[Round "6.27"]
[White "Stocek,J"]
[Black "Kryvoruchko,Y"]
[Result "1-0"]
[WhiteElo "2606"]
[BlackElo "2666"]

1.d4 Nf6 2.c4 e6 3.Nc3 Bb4 4.Nf3 b6 5.Qb3 c5 6.Bg5 Bb7 7.e3 O-O 8.a3 Ba5
9.dxc5 Na6 10.c6 Bxc6 11.Qc2 Bxc3+ 12.Qxc3 Nc5 13.Nd2 Nce4 14.Nxe4 Nxe4 15.Bxd8 Nxc3
16.Bh4 Na4 17.b3 Nc5 18.b4 Na4 19.f3 a5 20.Kd2 f6 21.Be2 Rfd8 22.Rhc1 d5
23.cxd5 Bxd5 24.Ke1 Rdc8 25.e4 Bb3 26.Bf2 Kf7 27.Be3 e5 28.Rxc8 Rxc8 29.bxa5 bxa5
30.Bd2 Rc5 31.Rb1 Bc4 32.Bd1 Bb5 33.Bxa5 Kg6 34.Bd2 Bd3 35.Bxa4  1-0

[Event "13th EICC"]
[Site "Plovdiv BUL"]
[Date "2012.03.27"]
[Round "7.161"]
[White "Kigel,D"]
[Black "Petrov,Vl5"]
[Result "1-0"]
[WhiteElo "2235"]
[BlackElo "1980"]

1.d4 Nf6 2.c4 e6 3.Nc3 Bb4 4.Nf3 b6 5.Bg5 Bb7 6.e3 h6 7.Bh4 Bxc3+ 8.bxc3 d6
9.Nd2 Nbd7 10.f3 Qe7 11.e4 e5 12.Bd3 O-O-O 13.a4 a5 14.Qe2 g5 15.Bf2 h5 16.c5 dxc5
17.d5 Ne8 18.Ba6 Nd6 19.Rb1 Kb8 20.O-O Ka7 21.Bb5 Nxb5 22.axb5 Rdg8 23.Nc4 g4
24.Ne3 Qg5 25.fxg4 Nf6 26.Bg3 Nxe4 27.Rf5 Nxg3 28.hxg3 Qg6 29.gxh5 Qxg3 30.Rbf1 Rg5
31.Rxg5 Qxg5 32.Rf5 Qe7 33.Qf3 Rh7 34.g4 Qh4 35.Qf2 Qe7 36.Rf6 Qd7 37.c4 Qe7
38.h6 e4 39.Qb2 Bc8 40.g5 Kb7 41.Qh2 a4 42.Kf1 a3 43.Ke1 Rh8 44.Kd1 Bd7 45.Kc1 Ra8
46.Kb1 a2+ 47.Ka1 Bh3 48.Qf4 Ra3 49.Rxf7 Qd8 50.h7 Qh8+ 51.Qf6 Qxf6+ 52.Rxf6 Ra8
53.g6 Rh8 54.g7 Rxh7 55.g8=Q  1-0

[Event "ch-CHN 2012"]
[Site "Xinghua CHN"]
[Date "2012.03.27"]
[Round "1"]
[White "Zhao Jun"]
[Black "Yu Yangyi"]
[Result "0-1"]
[WhiteElo "2583"]
[BlackElo "2615"]

1.d4 Nf6 2.c4 e6 3.Nc3 Bb4 4.Nf3 d5 5.cxd5 exd5 6.Bg5 h6 7.Bh4 c5 8.e3 g5
9.Bg3 Ne4 10.Bb5+ Bd7 11.Bxd7+ Nxd7 12.O-O Bxc3 13.bxc3 O-O 14.dxc5 Ndxc5
15.Be5 Rc8 16.Nd2 Rc6 17.Bd4 Qe7 18.Nxe4 Nxe4 19.Qa4 Rfc8 20.Qb5 Nxc3 21.Bxc3 Rxc3
22.Qxd5 R8c5 23.Qd4 b5 24.h3 a5 25.Rad1 b4 26.Rd2 R3c4 27.Qb2 Qe5 28.Qxe5 Rxe5
29.Rfd1 Kg7 30.Kf1 Rec5 31.Ke2 Rc3 32.Rd7 h5 33.R1d2 h4 34.R7d4 Kg6 35.Rd6+ f6
36.Ra6 R3c4 37.f3 Kf5 38.Rad6 Ke5 39.Rd8 Rc3 40.Re8+ Kf5 41.Ra8 Rc2 42.Kd1 Rxd2+
43.Kxd2 Ke5 44.Ra6 f5 45.Ra8 Kd5 46.Rd8+ Kc4 47.Kc2 Kb5+ 48.Kb2 Re5 49.Rd3 a4
50.Kc2 Kc4 51.a3 b3+ 52.Kd2 Rd5 53.Rxd5 Kxd5 54.Kc3 Ke6 55.Kd3 Kf6 56.Kc3 g4
57.Kd3 g3 58.Kc3 Ke6 59.Kd3 Kd5 60.Kc3 Kc5 61.Kd3 b2  0-1

[Event "ch-VIE Women KO 2012"]
[Site "Can Tho VIE"]
[Date "2012.03.28"]
[Round "2.2"]
[White "Nguyen Thi Thanh An"]
[Black "Hoang Thi Nhu Y"]
[Result "1/2-1/2"]
[WhiteElo "2292"]
[BlackElo "2227"]

1.d4 Nf6 2.c4 e6 3.Nc3 Bb4 4.Nf3 c5 5.e3 O-O 6.Bd3 d5 7.O-O cxd4 8.exd4 dxc4
9.Bxc4 Nc6 10.Be3 Bd7 11.Rc1 Rc8 12.Qe2 Ne7 13.Ne5 Ned5 14.Bg5 Be7 15.Rfd1 Bc6
16.Nxc6 Rxc6 17.Bb5 Rc7 18.Bd3 h6 19.Be3 Qd7 20.Bb1 Rfc8 21.Qd3 a6 22.h3 Nb4
23.Qe2 Nbd5 24.Qd3 Nb4 25.Qd2 Nbd5 26.Qd3  1/2-1/2